[Event "45th FIDE Chess Olympiad - Women's Sect"]
[Site "Budapest, Hungary"]
[Date "2024.09.12"]
[Round "2.205"]
[White "Ruddy, Rachel"]
[Black "Johnson, Gabriella"]
[Result "1/2-1/2"]
[WhiteElo "1662"]
[BlackElo "1896"]
[PlyCount "92"]
[EventDate "2024.??.??"]
[WhiteTeam "Jersey"]
[BlackTeam "Trinidad & Tobago"]
[WhiteClock "0:43:26"]
[BlackClock "0:17:57"]

1. Nf3 d5 2. g3 Nf6 3. Bg2 e6 4. d3 Bd6 5. O-O Nbd7 6. Nbd2 O-O ({RR} 6... b6 7. Re1 Bb7 8. e4 dxe4 9. dxe4 Ne5 10. b3 Nxf3+ 11. Bxf3 Be5 12. Rb1 Bc3 13. Re3 Bd4 14. Re1 e5 15. Bb2 Bxb2 16. Rxb2 Qd4 17. Nc4 O-O-O 18. Qxd4 exd4 19. Nd2 Rhe8 20. Rbb1 Nd7 21. Bg2 {Rosales Espinel,J-Guerra Verano,D (1606) Ibague 2021 0-1 (36)}) 7. e4 c6 8. Re1 e5 9. a4 $146 ({RR} 9. c3 dxe4 10. dxe4 b5 11. Nc4 Bc7 12. Nd6 Nc5 13. Nxe5 Bxd6 14. Nxc6 Qc7 15. e5 Bb7 16. Qxd6 Qxd6 17. exd6 Bxc6 18. Bxc6 Rad8 19. Be3 Nd3 20. Re2 Rxd6 21. Bxb5 a6 22. Bxd3 Rxd3 23. Bd4 Nd5 {Muench,U (1691)-Staudacher,A (1792) Germany 2012 1-0 (57)}) ({RR} 9. c3 Qc7 10. Nh4 Nc5 11. Nb3 Bg4 12. Qc2 Rad8 13. Bg5 dxe4 14. dxe4 Ncd7 15. h3 Be6 16. Rad1 a5 17. Nxa5 Qxa5 18. Rxd6 Qxa2 19. Nf5 Nb6 20. Rxd8 Rxd8 21. Rd1 Rxd1+ 22. Qxd1 Nfd7 23. Ne7+ Kh8 {Doeres,H (2262)-Seipp,T (2157) Germany 2001 1-0 (69)}) ({RR} 9. h4 Re8 10. Nf1 dxe4 11. dxe4 Nc5 12. N3h2 Qc7 13. Bg5 Be7 14. h5 Ne6 15. Bd2 g6 16. h6 Bf8 17. c3 Qe7 18. Bf3 Nd7 19. Ng4 Ng5 20. Bg2 f5 21. exf5 gxf5 22. Nxe5 Nxe5 23. f4 Ngf7 {Fraiberg,C (1660)-Orsini,P (1990) France 2001 0-1 (49)}) 9... a5 10. b3 Re8 11. Bb2 d4 12. c3 dxc3 13. Bxc3 Bc7 14. Nc4 b5 15. Ne3 Nc5 16. Bf1 Ba6 17. axb5 cxb5 18. Bb2 b4 19. Nc4 Bxc4 20. bxc4 a4 21. d4 exd4 22. Bxd4 Nfxe4 23. Bd3 h6 24. Bxe4 Nxe4 25. Rxa4 Nc3 26. Rxe8+ Qxe8 27. Rxa8 Qxa8 28. Qd3 Qe4 29. Qxe4 Nxe4 30. c5 f6 31. c6 Kf7 32. Bb2 Ke6 33. Nd4+ Kd6 34. f4 Bb6 35. Kg2 Bxd4 36. Bxd4 Kxc6 37. Kf3 Nc5 38. Kg4 b3 39. Kh5 Kd5 40. Ba1 Nd3 41. Kg6 Ke4 42. Kxg7 Nxf4 43. Kxf6 Nh5+ 44. Kg6 Nxg3 45. hxg3 Kf3 46. Kxh6 Kxg3 1/2-1/2

[Event "45th FIDE Chess Olympiad - Women's Sect"]
[Site "Budapest, Hungary"]
[Date "2024.09.12"]
[Round "2.206"]
[White "Hermoso Rodriguez, Ysvett"]
[Black "Ashbrooke, Monika"]
[Result "1-0"]
[WhiteElo "1943"]
[BlackElo "1650"]
[PlyCount "65"]
[EventDate "2024.??.??"]
[WhiteTeam "Trinidad & Tobago"]
[BlackTeam "Jersey"]
[WhiteClock "0:07:34"]
[BlackClock "0:06:29"]

1. e4 e6 2. d4 d5 3. Nd2 Nf6 4. e5 Nfd7 5. f4 c5 6. c3 Nc6 7. Ndf3 Be7 8. Bd3 f6 9. Ne2 O-O 10. O-O cxd4 11. cxd4 Qb6 ({RR} 11... fxe5 12. fxe5 Nb6 13. a3 Bd7 14. Qc2 h6 15. b3 Rc8 16. Qd1 Be8 17. Nf4 Qd7 18. Bb1 g5 19. Qd3 Rf5 20. Nxe6 Bg6 21. Nc5 Bxc5 22. dxc5 Na8 23. Qd1 Rcf8 24. Bxf5 Bxf5 25. Bb2 Nc7 26. Nd4 {Demchenko,A (2654)-Avinash,R (2349) Chess.com INT 2022 1-0 (98)}) 12. Kh1 a5 $146 ({RR} 12... fxe5 13. fxe5 Re8 14. Qe1 Nf8 15. Qg3 Kh8 16. Bg5 Qxb2 17. Bxe7 Nxe7 18. Ng5 Nf5 19. Bxf5 exf5 20. Nf7+ Kg8 21. Nh6+ Kh8 22. Nf7+ {½-½ (22) Stracy,D (1585)-Yu,J (1431) Wellington 2019}) ({RR} 12... f5 13. a3 Qd8 14. Ng5 Nb6 15. Be3 Qe8 16. Rc1 Bd7 17. b4 a6 18. Nc3 Na7 19. Be2 h6 20. Nf3 Nb5 21. Nxb5 Bxb5 22. Bxb5 Qxb5 23. Rc7 Bd8 24. Rc5 Qd7 25. Nd2 Be7 26. Rc1 Rac8 27. Qe2 {Lee,N (1750)-Nitu,V (1402) Ottawa 2013 ½-½}) ({RR} 12... f5 13. Bb1 Nd8 14. Qd3 Nf7 15. g4 Nh6 16. g5 Nf7 17. Rg1 g6 18. h4 Kg7 19. Rg2 Rh8 20. Rh2 h5 21. gxh6+ Rxh6 22. Ng5 Nf8 23. Qe3 Bd7 24. Bc2 Rc8 25. Bb3 Nh7 26. Bd2 Rh8 27. Be1 {Steinschuld,J (1569)-Nicholson,J (1783) Calvia 2017 0-1}) 13. Qc2 f5 14. a3 Rf7 15. Rg1 Kh8 16. g4 g6 17. Be3 Nf8 18. Rg3 Bd7 19. Rag1 Rc8 20. Nc3 Na7 21. Qd2 Bc6 22. h4 h6 23. Qg2 Nh7 24. gxf5 exf5 25. Rxg6 Qd8 26. Rxh6 Qg8 27. Rg6 Qe8 28. Rg7 Rf8 29. Qg6 Qxg6 30. R7xg6 Rg8 31. Rxg8+ Rxg8 32. Rxg8+ Kxg8 33. Bxf5 1-0

[Event "45th FIDE Chess Olympiad - Women's Sect"]
[Site "Budapest, Hungary"]
[Date "2024.09.12"]
[Round "2.207"]
[White "Forbes, Yasmin"]
[Black "La Fleur, Zara"]
[Result "0-1"]
[WhiteElo "1606"]
[BlackElo "1773"]
[PlyCount "106"]
[EventDate "2024.??.??"]
[WhiteTeam "Jersey"]
[BlackTeam "Trinidad & Tobago"]
[WhiteClock "1:01:22"]
[BlackClock "0:20:54"]

1. c4 e5 2. g3 Nf6 3. Bg2 d5 4. d4 ({RR} 4. Qc2 Nc6 5. cxd5 Nxd5 6. d3 Be7 7. Nf3 O-O 8. O-O Re8 9. Nc3 Nb6 10. Ne4 Bf8 11. a3 Bg4 12. Be3 Nd5 13. Nc5 Nxe3 14. fxe3 Bxc5 15. Qxc5 Qd6 16. Qxd6 cxd6 17. h3 Be6 18. Rac1 h6 {Goric,E (2381)-Brkic,A (2458) Vinkovci 2005 0-1 (50)}) 4... dxc4 ({RR} 4... exd4 5. Qxd4 Nc6 6. Qd1 Bb4+ 7. Bd2 Bc5 8. cxd5 Nxd5 9. Nf3 O-O 10. O-O Be7 11. a3 Bf6 12. Qc2 Bg4 13. Nc3 Bxf3 14. Bxf3 Nd4 15. Qe4 c6 16. Nxd5 cxd5 17. Qd3 Nxf3+ 18. Qxf3 Qb6 19. Rab1 {Pleh,S (1767)-Fercec,N (2451) Bosnjaci 2019 0-1 (48)}) 5. dxe5 $146 ({RR} 5. Qa4+ Qd7 6. Qxc4 exd4 7. Nf3 Nc6 8. Bf4 Qd5 9. Ne5 Qa5+ 10. Bd2 Nxe5 11. Qxd4 Qc5 12. Bc3 Qxd4 13. Bxd4 Bd6 14. f4 Ned7 15. e4 Bc5 16. Bxf6 Nxf6 17. e5 Ng4 18. Ke2 Ne3 19. Be4 Bg4+ {Poetsch,G (1634)-Ruecker,B (2170) Bad Zwesten 2003 0-1}) ({RR} 5. Qa4+ Qd7 6. Qxd7+ Nbxd7 7. Nf3 exd4 8. Nxd4 c6 9. Bf4 Bb4+ 10. Nc3 Nb6 11. Nxc6 bxc6 12. Bxc6+ Bd7 13. Bxa8 Nxa8 14. O-O-O Nb6 15. f3 Bxc3 16. bxc3 Nfd5 17. Be5 Ne3 18. Bxg7 Rg8 19. Rd4 Rxg7 {Toma,R (1996)-Reshef,O (2169) Albena 2011 1-0 (60)}) ({RR} 5. Qa4+ Qd7 6. Qxc4 exd4 7. Nf3 Nc6 8. O-O Be7 9. Rd1 Qe6 10. Qxe6 Bxe6 11. Bf4 Nd5 12. Be5 Nxe5 13. Nxe5 Bf6 14. Nf3 d3 15. Rd2 dxe2 16. Rxe2 O-O 17. Na3 Rfd8 18. Rc1 c6 19. b3 Nc3 {Doan,L (1145)-Muths,L (1248) Magdeburg 2014 0-1 (51)}) 5... Qxd1+ 6. Kxd1 Ng4 7. Be3 Nxe3+ 8. fxe3 Bc5 9. Nd2 Bxe3 10. Nxc4 Bc5 11. Ke1 O-O 12. Rc1 Nd7 13. Nf3 b5 14. Na5 Rb8 15. Nc6 Rb6 16. Nfd4 Bb7 17. e6 fxe6 18. Nxe6 Bxc6 19. Nxf8 Nxf8 20. Rxc5 Bxg2 21. Rg1 Bc6 22. Kf2 Ne6 23. Rc2 Be4 24. Rd2 Rc6 25. Ke3 Bg6 26. Re1 Kf8 27. Kf3 Ng5+ 28. Kf4 Ne4 29. Rd4 Rf6+ 30. Ke3 Re6 31. Kf3 Ke7 32. h4 Rf6+ 33. Ke3 Nxg3 34. Rf4 Nf5+ 35. Kf2 Nd6 36. Rxf6 gxf6 37. Kf3 Kd7 38. Kf4 c5 39. Rd1 Kc6 40. Rf1 Kd7 41. Kg4 Ke6 42. Rc1 c4 43. b3 Ke5 44. Rd1 Bc2 45. Rc1 cxb3 46. axb3 Bxb3 47. Rc7 Be6+ 48. Kf3 Bf5 49. Rxa7 b4 50. Ra5+ Ke6 51. Ra2 b3 52. Rb2 Bc2 53. Kf4 Nc4 0-1

[Event "45th FIDE Chess Olympiad - Women's Sect"]
[Site "Budapest, Hungary"]
[Date "2024.09.12"]
[Round "2.213"]
[White "Charinda, Kudzanayi"]
[Black "Andhin, Chethanah"]
[Result "1-0"]
[WhiteElo "1854"]
[BlackElo "1607"]
[PlyCount "65"]
[EventDate "2024.??.??"]
[WhiteTeam "Zimbabwe"]
[BlackTeam "Mauritius"]
[WhiteTeamCountry "ZIM"]
[BlackTeamCountry "MRI"]
[WhiteClock "0:33:08"]
[BlackClock "0:18:04"]

1. e4 g6 2. d4 Bg7 3. Nf3 d6 4. c3 a6 5. Bd3 Nd7 ({RR} 5... Nf6 6. O-O O-O 7. Re1 Nfd7 8. Bg5 h6 9. Bh4 b5 10. a4 bxa4 11. Rxa4 Bb7 12. Nbd2 c5 13. Nc4 cxd4 14. cxd4 g5 15. Bg3 Nc6 16. d5 Na7 17. Na5 Nc5 18. Nxb7 Nxb7 19. Rxa6 Nc5 20. Ra2 {Paravyan,D (2634)-Andriasian,Z (2586) Chess.com INT 2018 1-0 (81)}) ({RR} 5... b5 6. a4 b4 7. cxb4 Nc6 8. Bc4 Nf6 9. b5 Na5 10. Bd3 axb5 11. axb5 Bg4 12. e5 dxe5 13. dxe5 Bxf3 14. Qxf3 Nd7 15. Be4 Nxe5 16. Qe2 c6 17. O-O O-O 18. b4 f5 19. Rxa5 fxe4 20. b6 {Cherniaiev,T (2306)-Erigaisi,A (2778) chess.com INT 2024 1-0}) 6. Be3 b5 7. Nbd2 Bb7 $146 ({RR} 7... Ngf6 8. h3 O-O 9. O-O c5 10. Rc1 Bb7 11. Bb1 Rc8 12. Re1 cxd4 13. cxd4 Rxc1 14. Qxc1 Qa8 15. Bf4 Rc8 16. Qd1 Nb6 17. b3 h6 18. Qe2 g5 19. Bh2 Bc6 20. Nf1 b4 21. Bd3 a5 22. Ng3 {Kleine,J (1644)-Seyb,A (1640) Verden/Aller 2002 ½-½ (56)}) 8. Qb3 Ngf6 9. O-O O-O 10. c4 c6 11. Rad1 Rc8 12. h3 Ba8 13. e5 dxe5 14. dxe5 Ne8 15. e6 Ne5 16. Nxe5 Bxe5 17. Nf3 Qc7 18. exf7+ Rxf7 19. cxb5 axb5 20. Ng5 Nd6 21. Nxf7 Nxf7 22. f4 Bf6 23. Be4 Kf8 24. Bc5 Rd8 25. Rxd8+ Qxd8 26. Qe6 Bd4+ 27. Bxd4 Qxd4+ 28. Kh1 Nd6 29. Re1 Bb7 30. Bxg6 hxg6 31. Qxe7+ Kg8 32. Qd8+ Kg7 33. Re7+ 1-0

[Event "45th FIDE Chess Olympiad - Women's Sect"]
[Site "Budapest, Hungary"]
[Date "2024.09.12"]
[Round "2.214"]
[White "Acham, Meritza"]
[Black "Makwena, Christine"]
[Result "0-1"]
[WhiteElo "1667"]
[BlackElo "1860"]
[PlyCount "98"]
[EventDate "2024.??.??"]
[WhiteTeam "Mauritius"]
[BlackTeam "Zimbabwe"]
[WhiteTeamCountry "MRI"]
[BlackTeamCountry "ZIM"]
[WhiteClock "0:20:35"]
[BlackClock "0:58:41"]

1. d4 Nf6 2. c4 g6 3. Nc3 Bg7 4. e4 d6 5. Nf3 O-O 6. Be2 e5 7. O-O exd4 8. Nxd4 Re8 9. f3 Nbd7 ({RR} 9... a5 10. Bg5 c6 11. Qd2 Na6 12. Rad1 Nc5 13. Kh1 a4 14. b4 axb3 15. axb3 Qb6 16. b4 Ne6 17. Nxe6 Bxe6 18. Bd3 Nd7 19. Ne2 Ne5 20. Be3 Qa6 21. Bd4 Nxd3 22. Bxg7 Kxg7 23. Qxd3 Bxc4 24. Qc3+ {Paravyan,D (2653)-Pridorozhni,A (2596) Khanty-Mansiysk 2020 1-0 (82)}) 10. Qd2 $146 ({RR} 10. Bg5 c6 11. Qd2 Qb6 12. Be3 Qc7 13. Rac1 Nb6 14. Rfd1 Nfd7 15. Ndb5 cxb5 16. Nxb5 Qd8 17. Nxd6 Ne5 18. c5 Nbd7 19. c6 Nxc6 20. Nxc8 Rxc8 21. Qxd7 Bd4 22. Rxd4 Nxd4 23. Bb5 Rxc1+ 24. Bxc1 Qxd7 {Rellstab,L-Najdorf,M Bled 1950 0-1}) ({RR} 10. Bg5 c6 11. Qd2 a5 12. Bh6 Bh8 13. Rad1 a4 14. Kh1 Qa5 15. Qc2 Nc5 16. Bf4 Nfd7 17. Bxd6 Ne5 18. f4 Ng4 19. Bxg4 Bxg4 20. e5 Bxd1 21. Rxd1 Bg7 22. h3 f6 23. Nf3 f5 24. Qf2 Ne6 {Sakhayi,M (2166)-Kim,S (2295) chess.com INT 2024 0-1 (40)}) ({RR} 10. Bg5 h6 11. Bh4 g5 12. Bf2 Ne5 13. Qc2 Ng6 14. Rfd1 Nf4 15. Bf1 Bf8 16. c5 Bd7 17. cxd6 Bxd6 18. Ncb5 Be5 19. Nf5 Kh7 20. Bd4 c6 21. Nbd6 Bxd4+ 22. Nxd4 Kg8 23. Nxe8 Qxe8 24. Qc5 Kg7 {Fatalibekova,E (2199)-Butneva,L (1857) Lesnoj Gorodok 2009 1-0 (40)}) ({RR} 10. Nc2 Nb6 11. Bg5 h6 12. Be3 Be6 13. b3 Nh5 14. Qd2 g5 15. g3 f5 16. exf5 Bxf5 17. Nd4 Bg6 18. Rad1 Qe7 19. Bf2 {½-½ (19) Pedersen,S-Gheorghiu,F Sinaia 1965}) 10... Ne5 11. b3 c6 12. Rd1 Qc7 13. Ba3 Bf8 14. Nc2 Re6 15. Ne3 Qb6 16. Na4 Qc7 17. Rac1 Ned7 18. Rc3 Ne8 19. Rd3 Ne5 20. Rd4 Bh6 21. Kh1 c5 22. Rd5 Nc6 23. Qc3 Nd4 24. Ng4 Bg7 25. Qd2 h5 26. Nf2 Qe7 27. Bb2 Nc7 28. Bxd4 Bxd4 29. Nd3 Nxd5 30. cxd5 Rf6 31. Qg5 Bd7 32. Nab2 b5 33. Nf4 Qe5 34. Qxe5 dxe5 35. Nfd3 Rb6 36. Rc1 Rc8 37. Nd1 c4 38. Nb4 a5 39. Nc2 cxb3 40. axb3 Rb7 41. Bd3 Rbc7 42. Rb1 Rxc2 43. Bxc2 Rxc2 44. h3 Kg7 45. Kh2 h4 46. Kh1 Kf6 47. Kh2 Kg5 48. b4 a4 49. d6 a3 0-1

[Event "45th FIDE Chess Olympiad - Women's Sect"]
[Site "Budapest, Hungary"]
[Date "2024.09.12"]
[Round "2.217"]
[White "Nomcebo, Sibisi"]
[Black "Sakai, Azumi"]
[Result "0-1"]
[WhiteElo "1570"]
[BlackElo "1871"]
[PlyCount "118"]
[EventDate "2024.??.??"]
[WhiteTeam "Eswatini"]
[BlackTeam "Japan"]
[BlackTeamCountry "JPN"]
[WhiteClock "0:22:22"]
[BlackClock "0:24:03"]

1. d4 d5 2. Nf3 Nf6 3. g3 e6 4. Bg2 Bd6 5. O-O O-O 6. b3 c6 ({RR} 6... c5 7. Bb2 Nc6 8. e3 b6 9. Ne5 Bb7 10. Nd2 Qc7 11. Nxc6 Bxc6 12. dxc5 Bxc5 13. Bxf6 gxf6 14. c4 dxc4 15. Qg4+ Kh8 16. Qxc4 Bxg2 17. Kxg2 Qb7+ 18. e4 Rfd8 19. Nf3 Rac8 20. Qe2 b5 21. Rfd1 {Yakubboev,N (2630)-Bluebaum,M (2663) chess.com INT 2023 1-0}) 7. Ne5 $146 ({RR} 7. Bb2 Nbd7 8. Nbd2 b6 9. a3 Ba6 10. Rb1 Re8 11. Re1 c5 12. c4 Bb7 13. Ne5 cxd4 14. Nxd7 Qxd7 15. Bxd4 e5 16. Bb2 Ng4 17. Bh3 Bc8 18. cxd5 Bc5 19. e4 Bxf2+ 20. Kh1 Bxe1 21. Qxe1 f6 {Babirye,S-Okoth,W Kampala 2011 ½-½}) ({RR} 7. c4 b6 8. Nc3 Bb7 9. Qc2 Nbd7 10. Rd1 Rc8 11. Bb2 Rc7 12. Rac1 Qa8 13. Ne5 Rcc8 14. Nxd7 Nxd7 15. e4 Bb4 16. a3 Bxc3 17. Bxc3 Nf6 18. f3 Rfe8 19. e5 Nd7 20. f4 c5 21. cxd5 Bxd5 {Bogdanovski,P-Zashev,A Struga 2008 0-1 (52)}) ({RR} 7. Bb2 b6 8. c4 Bb7 9. Nbd2 Qe7 10. a3 a5 11. Re1 Ne4 12. Ne5 f6 13. Nd3 c5 14. e3 a4 15. cxd5 exd5 16. dxc5 bxc5 17. Nf4 Rd8 18. bxa4 Be5 19. Bxe5 fxe5 20. Nxd5 Bxd5 21. Nxe4 Bxe4 {Michelakos,P (2162)-Sourgkounis,A (1882) Nikaia 2012 1-0 (36)}) 7... Nbd7 8. Bb2 Qc7 9. Nxd7 Bxd7 10. Nd2 Rac8 11. Rc1 Rfe8 12. Nf3 Ne4 13. c4 f5 14. Ne5 Rf8 15. cxd5 exd5 16. Nxd7 Qxd7 17. e3 Rce8 18. a3 g5 19. b4 Re6 20. Rc2 Rh6 21. Bxe4 fxe4 22. f3 Rhf6 23. Rcf2 Qf7 24. Kg2 Qh5 25. f4 g4 26. Rh1 Qh3+ 27. Kg1 Rg6 28. Bc3 Qh6 29. Bd2 Rf5 30. Qa4 Bb8 31. b5 Qf8 32. Bb4 Qe8 33. bxc6 Rxc6 34. Rc2 Rff6 35. Kg2 Rxc2+ 36. Qxc2 Rc6 37. Qb3 Rc4 38. Rf1 Qb5 39. Qd1 h5 40. h3 Qd7 41. hxg4 Qxg4 42. Qxg4+ hxg4 43. Rd1 Kf7 44. Kf2 Bc7 45. Ke2 b6 46. Kd2 a5 47. Bc3 Bd6 48. Rb1 Rc6 49. a4 Bc7 50. Kc2 Rh6 51. Rg1 Rh2+ 52. Kb3 Re2 53. Rh1 Bd8 54. Rh4 Bxh4 55. gxh4 g3 56. h5 g2 57. h6 g1=Q 58. h7 Qb1+ 59. Ka3 Qa2# 0-1

[Event "45th FIDE Chess Olympiad - Women's Sect"]
[Site "Budapest, Hungary"]
[Date "2024.09.12"]
[Round "2.218"]
[White "Shibata, Misaki"]
[Black "Dlamini Sincobile"]
[Result "1-0"]
[WhiteElo "1847"]
[BlackElo "1572"]
[PlyCount "81"]
[EventDate "2024.??.??"]
[WhiteTeam "Japan"]
[BlackTeam "Eswatini"]
[WhiteTeamCountry "JPN"]
[WhiteClock "0:00:44"]
[BlackClock "0:00:44"]

1. d4 Nf6 2. c4 e6 3. Nc3 g6 4. e4 d6 ({RR} 4... Bg7 5. Bg5 h6 6. Bh4 g5 7. Bg3 a6 8. Nf3 Nh5 9. Be5 d6 10. Bxg7 Nxg7 11. g4 Nd7 12. h4 gxh4 13. Rxh4 b6 14. Qd2 h5 15. gxh5 Rxh5 16. Rxh5 Nxh5 17. Qh6 Nhf6 18. e5 Ng8 19. Qg7 {Kouatly,B (2480)-Autret,M France 1999 1-0}) 5. Bd3 ({RR} 5. Nf3 Bg7 6. Bg5 h6 7. Bh4 g5 8. Bg3 O-O 9. Be2 Nh5 10. O-O Nc6 11. d5 Nxg3 12. hxg3 Ne7 13. Rc1 e5 14. b4 f5 15. c5 f4 16. gxf4 exf4 17. cxd6 Bxc3 18. dxe7 Qxe7 19. Rxc3 g4 {Cordero,R (1761)-Banegas,T Las Canas 2022 1-0}) 5... Bg7 6. Nge2 $146 ({RR} 6. f4 Nc6 7. Nf3 O-O 8. O-O Nd7 9. e5 a6 10. a3 dxe5 11. fxe5 Nb6 12. Bg5 Qd7 13. Be3 Ne7 14. Qd2 c6 15. Ne4 Nf5 16. Nf6+ Bxf6 17. exf6 Nxe3 18. Qxe3 Qd8 19. Ng5 {½-½ (19) Thibes,R-Garcia,D Rio de Janeiro 2001}) ({RR} 6. h4 h6 7. Nge2 Nbd7 8. f3 c5 9. d5 e5 10. Be3 a6 11. Qd2 b5 12. cxb5 Nb6 13. h5 Nxh5 14. g4 Nf6 15. Bxh6 c4 16. Bc2 Bxg4 17. O-O-O Bxf3 18. Rh2 Ng4 19. Bg5 f6 20. Rxh8+ Bxh8 {Pavlidou,E (2170)-Navalgund,N (2289) Chess.com INT 2020 ½-½ (64)}) ({RR} 6. Nf3 O-O 7. O-O Nbd7 8. Bg5 Qe8 9. Re1 c6 10. Qd2 e5 11. d5 c5 12. h3 Nh5 13. Nb5 f6 14. Bh6 Qe7 15. Nc7 Rb8 16. Bxg7 Nxg7 17. Nb5 a6 18. Nc3 Nb6 19. b3 Ra8 20. Kh2 Bd7 {Gosse,R-Diankha,A Europe Echecs INT 2021 1-0 (31)}) 6... Nbd7 7. O-O O-O 8. f3 b6 9. b4 c5 10. Qb3 Qc7 11. Be3 cxb4 12. Qxb4 a5 13. Qb3 Ba6 14. Rac1 d5 15. exd5 exd5 16. Nxd5 Nxd5 17. cxd5 Qb7 18. Rc6 Rfe8 19. Bxa6 Qxa6 20. Ng3 a4 21. Qc3 Qb5 22. Bf2 Qxd5 23. a3 Bf8 24. Rc1 b5 25. Ne4 f5 26. Nd2 Re2 27. Nb1 Qa2 28. Bg3 Rxg2+ 29. Kh1 Re8 30. Rc2 Rxc2 31. Qxc2 Qxc2 32. Rxc2 Re3 33. Kg2 Rb3 34. Rc7 Rxb1 35. Rxd7 Rb2+ 36. Kh3 Bxa3 37. d5 Rb1 38. Rb7 Bc5 39. d6 Rd1 40. d7 Kf7 41. d8=Q+ 1-0

[Event "45th FIDE Chess Olympiad - Women's Sect"]
[Site "Budapest, Hungary"]
[Date "2024.09.12"]
[Round "2.222"]
[White "Pourier, Dianthely"]
[Black "Rivera Negron, Yanira"]
[Result "0-1"]
[WhiteElo "1548"]
[BlackElo "1805"]
[PlyCount "104"]
[EventDate "2024.??.??"]
[WhiteTeam "Netherlands Antilles"]
[BlackTeam "Puerto Rico"]
[WhiteTeamCountry "AHO"]
[BlackTeamCountry "PUR"]
[WhiteClock "0:26:33"]
[BlackClock "1:02:33"]

1. d4 d5 2. Bf4 Nf6 3. Nf3 c5 4. c3 cxd4 5. cxd4 Qb6 6. Qb3 Qxb3 7. axb3 Nc6 8. e3 ({RR} 8. Nc3 e6 9. e3 Bd7 10. Bd3 Bb4 11. Ke2 O-O 12. Rhc1 Rfc8 13. Nb5 Ne8 14. Ne5 Nxe5 15. Bxe5 a6 16. Nc3 f6 17. Bg3 Bd6 18. e4 Bxg3 19. hxg3 dxe4 20. Nxe4 Bc6 21. Nc5 Nd6 22. Bc4 Nxc4 {Le,T (2514)-Dubov,D (2710) Chess.com INT 2021 1-0 (74)}) 8... e6 9. Bd3 $146 ({RR} 9. Nc3 Bb4 10. Bd3 O-O 11. h3 Bd7 12. Ke2 Rfc8 13. Ne5 Nxe5 14. dxe5 Ne8 15. Rhc1 Nc7 16. Rc2 Na6 17. Rac1 Nc5 18. Na2 Nxd3 19. Rxc8+ Rxc8 20. Rxc8+ Bxc8 21. Kxd3 Be7 22. e4 dxe4+ 23. Kxe4 Kf8 {Lewtak,D (2386)-Dubov,D (2711) Chess.com INT 2022 0-1 (76)}) ({RR} 9. Bb5 Bd7 10. O-O Bb4 11. Nc3 Ke7 12. h3 Rhc8 13. Bxc6 Bxc6 14. Ne5 Nd7 15. Nf3 f6 16. Rfc1 a6 17. Na2 Ba5 18. b4 Bb6 19. Nc3 Bb5 20. Nd2 Bc4 21. Na4 Bb5 22. Nc5 Bxc5 23. bxc5 e5 {Bancod,R (2375)-Villamayor,B (2469) Manila 2008 0-1 (64)}) ({RR} 9. Bb5 Bd7 10. Nc3 Nh5 11. Bg5 h6 12. Bh4 g5 13. Bg3 Nxg3 14. hxg3 Bg7 15. Bxc6 Bxc6 16. Ne5 Bxe5 17. dxe5 d4 18. exd4 Bxg2 19. Rh2 Bc6 20. b4 Kd7 21. b5 Bf3 22. Kd2 Kc7 23. Ke3 g4 {Ilkin,A (2134)-Filipenko,A (2354) Izhevsk 2010 ½-½ (44)}) 9... Nb4 10. Bb5+ Bd7 11. Bxd7+ Nxd7 12. O-O a6 13. Nbd2 Nd3 14. Rab1 Nxf4 15. exf4 Bd6 16. g3 O-O 17. Ne5 Nxe5 18. fxe5 Bb4 19. Rfd1 Rfc8 20. Nf3 Rc2 21. Ne1 Bxe1 22. Rxe1 Rac8 23. Red1 h6 24. Kg2 Re2 25. Re1 Rd2 26. Rbc1 Rxc1 27. Rxc1 Rxd4 28. Rc8+ Kh7 29. Rc7 Rb4 30. Rxf7 Rxb3 31. Re7 Rb6 32. f4 Kg8 33. Rd7 Rxb2+ 34. Kf3 Rb6 35. f5 exf5 36. Rxd5 g5 37. Rd8+ Kf7 38. Rd7+ Ke6 39. Rd8 Kxe5 40. Ke3 Rd6 41. Re8+ Re6 42. Rd8 b5 43. Rd3 Rc6 44. Kd2 Rd6 45. Ke2 Rxd3 46. Kxd3 a5 47. Ke3 a4 48. Kd2 b4 49. Kc2 a3 50. Kb1 b3 51. Kc1 a2 52. Kb2 f4 0-1

[Event "45th FIDE Chess Olympiad - Women's Sect"]
[Site "Budapest, Hungary"]
[Date "2024.09.12"]
[Round "2.223"]
[White "Vega Jimenez, Keyshla M."]
[Black "Pieter, Liana"]
[Result "1-0"]
[WhiteElo "1769"]
[BlackElo "1619"]
[PlyCount "87"]
[EventDate "2024.??.??"]
[WhiteTeam "Puerto Rico"]
[BlackTeam "Netherlands Antilles"]
[WhiteTeamCountry "PUR"]
[BlackTeamCountry "AHO"]
[WhiteClock "0:14:25"]
[BlackClock "0:08:07"]

1. e4 c6 2. d4 d5 3. exd5 cxd5 4. Bd3 Nf6 5. c3 Nc6 6. Bf4 Bg4 7. Qb3 Na5 8. Qa4+ Bd7 9. Qc2 g6 10. Nf3 ({RR} 10. Nd2 Bg7 11. Ngf3 Nh5 12. Be3 Qc7 13. O-O O-O 14. Rfe1 Nc6 15. Qb3 e6 16. a4 h6 17. Qd1 Rad8 18. Rc1 Nf4 19. Bf1 g5 20. h4 f6 21. g3 Ng6 22. hxg5 fxg5 23. c4 Qd6 24. cxd5 exd5 {Morozevich,A (2718)-Grischuk,A (2702) Prague 2002 1-0 (42)}) 10... Bg7 11. Ne5 ({RR} 11. Nbd2 Rc8 12. h4 Nc4 13. Nxc4 dxc4 14. Be2 b5 15. Ne5 Bf5 16. Qd2 h5 17. Nf3 Nd5 18. O-O Nxf4 19. Qxf4 a6 20. a4 Bh6 21. Qg3 Qb6 22. Ne5 Qd6 23. axb5 axb5 24. Bf3 f6 25. Bc6+ Rxc6 {Oberoi,S (2318)-Yu,J (2345) New York USA 2023 1-0}) 11... Rc8 $146 ({RR} 11... O-O 12. Nxd7 Qxd7 13. Qe2 Qg4 14. Qxg4 Nxg4 15. Be2 Nf6 16. Nd2 Rfc8 17. O-O a6 18. b4 Nc6 19. a4 Nd8 20. Ra3 Ne6 21. Be3 Rc7 22. Rb1 Rac8 23. Rbb3 Nd7 24. g4 f5 25. gxf5 gxf5 26. f3 {Da Silva,W (1911)-Milanez,E (1774) Pocos de Caldas 2014 ½-½ (87)}) ({RR} 11... Be6 12. Nd2 Rc8 13. Ndf3 Nc4 14. Ng5 Nxe5 15. dxe5 Nh5 16. Nxe6 fxe6 17. Bg3 Nxg3 18. hxg3 Bxe5 19. Rxh7 Rxh7 20. Bxg6+ Rf7 21. Qa4+ Kf8 22. Qg4 Qb6 23. Bxf7 Kxf7 24. Qh5+ Kf6 25. Qh6+ Kf7 26. Qh5+ {Katte,I (1940)-Manakov,M (2270) Germany 2013 ½-½}) ({RR} 11... O-O 12. O-O Nc6 13. Nd2 Nxe5 14. dxe5 Nh5 15. Be3 Bxe5 16. f4 Bg7 17. f5 Rc8 18. Nf3 e5 19. fxe6 Bxe6 20. Bxa7 b6 21. Qf2 d4 22. Nxd4 Bxd4 23. Qxd4 Qxd4+ 24. cxd4 Rc6 25. Be4 Rd6 26. a4 {Weetik,V (2423)-Tymrakiewicz,R (2214) Chess.com INT 2022 1-0 (54)}) 12. Qe2 a6 13. Nxd7 Nxd7 14. Nd2 O-O 15. O-O Re8 16. Nf3 Nc6 17. Ne5 f6 18. Ng4 e5 19. dxe5 fxe5 20. Nh6+ Kf8 21. Bd2 Bf6 22. Qg4 e4 23. Bc2 Kg7 24. Nf5+ Kh8 25. Nh6 Nde5 26. Qh3 Qe7 27. Rad1 Nc4 28. Bc1 Rcd8 29. Rfe1 Bg5 30. Bxg5 Qe6 31. Qxe6 Rxe6 32. Nf7+ Kg7 33. Nxd8 Nxd8 34. Bxd8 Rd6 35. Bg5 b5 36. b3 Na5 37. Bxe4 h6 38. Bf4 Rd8 39. Bc7 Re8 40. Bxd5 Rxe1+ 41. Rxe1 Nxb3 42. axb3 Kh7 43. Re7+ Kh8 44. Be5# 1-0